Statistiques concernant Quiz sur Malte

Cliquez ici pour prendre le quiz!

Statistiques générales

  • Ce quiz a été pris 2 449 fois
  • Le résultat moyen est 10 sur 16

Statistiques - réponses

QuestionRéponse% Correct
Pays les plus prochesItalie
98%
CapitaleLa Valette
98%
Langues officiellesAnglais
95%
Devise monétaireEuro
93%
Mer dans laquelle Malte se situeMer Méditerranée
93%
Pays les plus prochesTunisie
89%
Langues officiellesMaltais
88%
Pays auquel Malte appartenait de 1800 à 1964Royaume-Uni
81%
Malte est le sixième pays le plus ____ du monde, juste devant le BangladeshDensément peuplé
61%
Groupe religieux qui a été expulsé de Malte en 1249Musulmans
56%
Personnage célèbre des bandes dessinées d'Hugo Pratt
qui est né à Malte (c'est d'ailleurs indiqué dans son nom)
Corto Maltese
45%
Campagne à l'occasion de laquelle Napoléon s'est emparé de MalteCampagne d'{Égypte}
42%
Deuxième plus grande île du pays, après l'île de MalteGozo
33%
Ordre chrétien qui régnait sur Malte de 1530 à 1798Hospitaliers (Saint-Jean)
26%
Localité la plus peupléeSan {Pawl} il-Baħar
15%
L'héroïsme de la résistance maltaise lors de la Seconde guerre mondiale a valu
à l'ensemble du pays cette croix, que Malte arbore sur son drapeau depuis
Croix de {Georges}
13%

Distribution des résultats

Percentile par nombre de réponses

% des personnes avec chaque résultat

Votre développement - résultats

Vous n’avez pas pris ce quiz